000 00962nam0a22002771 4500
001 RU\INFOCOMM_322\NLR\5000107934
005 20250624202744.0
035 _a(NLR Aleph) 010935580
090 _a10733983
_c10733983
100 _a20121214d1978 |||y0rusy50 ca
101 1 _apor
102 _aRU
105 _ay z |||||
200 1 _aPalestras sobre a democracia soviética
_fM. A. Krutogolov
_g[Trad. de K. Asriantz]
210 _aM.
_cProgresso
_d1978
215 _a263 с.
_d21 см
300 _aНа обороте тит. л.: Беседы о советской демократии / М. А. Крутоголов, проф.
606 0 _aСоветская демократия
_91416688
_3RU\NLR\AUTH\66285981
620 _aМосква
686 _aХ061.001
_2rubbk
700 1 _aKrutogolov
_bM. A.
_f1928-
_gMichail Anatol'evič
801 1 _aRU
_bNLR
_c20121214
801 0 _aRU
_bINFOCOMM
_gPSBO
852 _aNLR
_jП11 Д-3/120
942 _cBOOK
980 _aNB